Sauraula oroquensis, a new species of Actinidiaceae from Colombia (Registro nro. 15955)

Detalles MARC
000 -CABECERA
Campo de control 003110000a22001090004500
090 ## - CLASIFICACIÓN LOCAL
Colección AS
Consecutivo Seriadas
041 0# - IDIOMA
Código de idioma para texto/pista de sonido o título separado
100 1# - ASIENTO PRINCIPAL--NOMBRE PERSONAL
Nombre personal Djendoel Soejarto, Djaja
245 10 - MENCION DE TITULO
Título Sauraula oroquensis, a new species of Actinidiaceae from Colombia
773 1# - Item fuente:
Título Brittonia
Descripción física 1
Paginas del Articulo 28-31
Lugar, editorial y fecha de publicación 1989
Información sobre la relación 41
942 ## - ELEMENTOS ADICIONALES (KOHA)
Tipo de ítem Artículo

No hay ítems disponibles.